Amitacākarar arul̲icceyta Yāpparuṅkalak kārikai. (Record no. 82230)

MARC details
000 -LEADER
fixed length control field 00714cam a22002531 4500
001 - CONTROL NUMBER
control field sa 68008084
003 - CONTROL NUMBER IDENTIFIER
control field DLC
005 - DATE AND TIME OF LATEST TRANSACTION
control field 20260227112528.0
008 - FIXED-LENGTH DATA ELEMENTS--GENERAL INFORMATION
fixed length control field 950217s1968 ii c 000 0 tamo
010 ## - LIBRARY OF CONGRESS CONTROL NUMBER
LC control number sa 68008084
025 ## - OVERSEAS ACQUISITION NUMBER
Overseas acquisition number PL480:I-T-2297
035 ## - SYSTEM CONTROL NUMBER
System control number (OCoLC)32009662
040 ## - CATALOGING SOURCE
Original cataloging agency DLC
Transcribing agency CU
Modifying agency CU
-- DLC
050 00 - LIBRARY OF CONGRESS CALL NUMBER
Classification number PL4759
Item number .A4 1968
100 0# - MAIN ENTRY--PERSONAL NAME
Personal name Amitacākarar.
245 10 - TITLE STATEMENT
Title Amitacākarar arul̲icceyta Yāpparuṅkalak kārikai.
260 ## - PUBLICATION, DISTRIBUTION, ETC.
Date of publication, distribution, etc. [1968]
300 ## - PHYSICAL DESCRIPTION
Extent viii, 256 p.
Other physical details port.
Dimensions 19 cm.
500 ## - GENERAL NOTE
General note In Tamil.
650 #0 - SUBJECT ADDED ENTRY--TOPICAL TERM
Topical term or geographic name entry element Tamil language
General subdivision Versification.
700 0# - ADDED ENTRY--PERSONAL NAME
Personal name Kuṇacākarar.
700 2# - ADDED ENTRY--PERSONAL NAME
Personal name Vēṇukōpāla Piḷḷai, Me. Vī.,
Dates associated with a name 1896-
740 0# - ADDED ENTRY--UNCONTROLLED RELATED/ANALYTICAL TITLE
Uncontrolled related/analytical title Yāpparuṅkalak kārikai.

No items available.

Powered by Koha